000 00307nam a22001337a 4500
020 _a0 85157 181 6
082 _a020.994 BAL
100 _aBISKUP, Peter
245 _aAUSTRALIAN LIBRARIES
260 _aLONDON
_bCLIVE BINGLEY
_c1966
300 _a191P
_bill.;23CM
500 _aIncludes, index
942 _cBK
999 _c19142
_d19142